[Event "Western Class-ch 19th"]
[Site "Agoura Hills"]
[Date "2012.03.11"]
[Round "4"]
[White "Matikozian, Andranik"]
[Black "Small, Gregg"]
[Result "0-1"]
[WhiteElo "2467"]
[BlackElo "2275"]
[PlyCount "66"]
[EventDate "2012.03.??"]
[EventType "swiss"]
[EventCountry "USA"]
[SourceTitle "EXT 2023"]
[Source "ChessBase"]
[SourceDate "2022.10.05"]
[SourceVersion "1"]
[SourceVersionDate "2022.10.05"]
[SourceQuality "1"]

1. e4 c5 2. Nf3 Nc6 3. Bb5 g6 4. c3 Bg7 5. 0-0 e5 6. Re1 Nge7 7. d3 a6 8. Ba4 b5 9. Bb3 0-0 10. Be3 Qb6 11. Nbd2 d6 12. Nf1 h6 13. a3 Kh7 14. Ng3 Bd7 15. Bc2 Rad8 16. b4 f5 17. exf5 gxf5 18. Nh5 Bh8 19. d4 cxd4 20. cxd4 Nd5 21. Bc1 Nde7 22. dxe5 dxe5 23. Qd6 Ng6 24. Be3 Qb7 25. Qd2 e4 26. Ng5+ hxg5 27. Bxg5 Rde8 28. Rad1 Be6 29. Qe3 Nce5 30. Qh3 Kg8 31. Rd6 Qc7 32. Rxe6 Rxe6 33. Bxe4 Qc4 0-1

[Event "San Diego Recession Buster op"]
[Site "San Diego"]
[Date "2012.02.20"]
[Round "6"]
[White "Small, Gregg"]
[Black "Amanov, Zhanibek"]
[Result "0-1"]
[WhiteElo "2265"]
[BlackElo "2402"]
[PlyCount "98"]
[EventDate "2012.02.18"]
[EventType "swiss"]
[EventRounds "6"]
[EventCountry "USA"]
[SourceTitle "EXT 2013"]
[Source "ChessBase"]
[SourceDate "2012.11.22"]
[SourceVersion "1"]
[SourceVersionDate "2012.11.22"]
[SourceQuality "1"]

1. c4 e5 2. g3 Nf6 3. Bg2 c6 4. d4 exd4 5. Qxd4 d5 6. cxd5 cxd5 7. Nf3 Nc6 8. Qa4 Be7 9. 0-0 Qb6 10. Nc3 0-0 11. Qb5 Qxb5 12. Nxb5 a6 13. Nbd4 Bc5 14. Nxc6 bxc6 15. Bf4 Be7 16. Ne5 Bb7 17. Rac1 c5 18. Nc4 Rad8 19. Nb6 Ne4 20. Bc7 f5 21. Bxd8 Rxd8 22. Rfd1 Kf7 23. g4 g6 24. gxf5 gxf5 25. Rd3 Rg8 26. Kf1 c4 27. Bxe4 cxd3 28. Bxd3 Bd6 29. h3 Bh2 30. Ke1 Rg6 31. Na4 d4 32. Rc5 Be4 33. Kd2 Rg2 34. f3 Bf4+ 35. Kd1 Bxd3 36. exd3 Kf6 37. Rc6+ Kg5 38. Nc5 Be3 39. Ne6+ Kh4 40. Rd6 Rd2+ 41. Ke1 Rxb2 42. Nxd4 Bxd4 43. Rxd4+ Kg3 44. Rd8 Kxf3 45. d4 Ke3 46. Kf1 f4 47. d5 Rb1+ 48. Kg2 f3+ 49. Kh2 f2 0-1

[Event "North American op 18th"]
[Site "Las Vegas"]
[Date "2008.12.27"]
[Round "3"]
[White "Sarkar, Justin"]
[Black "Small, Gregg"]
[Result "1/2-1/2"]
[WhiteElo "2451"]
[BlackElo "2240"]
[PlyCount "62"]
[EventDate "2008.12.26"]
[EventType "swiss"]
[EventRounds "7"]
[EventCountry "USA"]
[SourceTitle "CBM 127 Extra"]
[Source "ChessBase"]
[SourceDate "2009.01.08"]
[SourceVersion "2"]
[SourceVersionDate "2009.01.28"]
[SourceQuality "1"]

1. d4 d5 2. c4 dxc4 3. Nf3 a6 4. e3 e6 5. Bxc4 c5 6. 0-0 Nf6 7. Bb3 b5 8. a4 Bb7 9. axb5 axb5 10. Rxa8 Bxa8 11. Qe2 Nbd7 12. dxc5 Qb8 13. c6 Nc5 14. Bc2 Bxc6 15. Nd4 Bd7 16. Na3 b4 17. Nc4 e5 18. Nb3 e4 19. Nxc5 Bxc5 20. b3 0-0 21. h3 Re8 22. Bb2 Qc7 23. Bxf6 gxf6 24. f3 Qg3 25. fxe4 Bb5 26. Rf3 Qh4 27. Bd3 Ra8 28. Rf5 Bxc4 29. Bxc4 Ra1+ 30. Rf1 Rxf1+ 31. Kxf1 Qg5 1/2-1/2

[Event "American op 44th"]
[Site "Los Angeles"]
[Date "2008.11.28"]
[Round "3"]
[White "Small, Gregg"]
[Black "Adamson, Robby"]
[Result "1-0"]
[WhiteElo "2287"]
[BlackElo "2355"]
[PlyCount "69"]
[EventDate "2008.11.27"]
[EventType "swiss"]
[EventRounds "8"]
[EventCountry "USA"]
[SourceTitle "EXT 2023"]
[Source "ChessBase"]
[SourceDate "2022.10.05"]
[SourceVersion "1"]
[SourceVersionDate "2022.10.05"]
[SourceQuality "1"]

1. c4 e5 2. g3 Nc6 3. Bg2 g6 4. Nc3 Bg7 5. e4 d6 6. Nge2 h5 7. h4 Nh6 8. d3 0-0 9. Nd5 Ne7 10. 0-0 c6 11. Nxe7+ Qxe7 12. Bg5 f6 13. Be3 Be6 14. Rc1 Ng4 15. Bd2 g5 16. f3 Nh6 17. hxg5 fxg5 18. Be3 g4 19. f4 exf4 20. Nxf4 Bf7 21. Qd2 Kh7 22. Ne2 Rae8 23. Rf2 b6 24. Rcf1 Qd7 25. b3 Bg8 26. d4 Rxf2 27. Rxf2 Bf7 28. Qd3 Kh8 29. Bg5 Kg8 30. Qe3 Kh7 31. e5 d5 32. Nf4 Nf5 33. Qd3 Kg8 34. cxd5 cxd5 35. e6 1-0

[Event "South Calfornia-ch Cand"]
[Site "Garden Grove"]
[Date "2008.06.21"]
[Round "2"]
[White "Lawrence, Danyul"]
[Black "Small, Gregg"]
[Result "1-0"]
[WhiteElo "2046"]
[BlackElo "2234"]
[PlyCount "97"]
[EventDate "2008.06.21"]
[EventType "swiss"]
[EventRounds "4"]
[EventCountry "USA"]
[SourceTitle "EXT 2014"]
[Source "ChessBase"]
[SourceDate "2013.11.20"]
[SourceVersion "1"]
[SourceVersionDate "2013.11.20"]
[SourceQuality "1"]

1. d4 Nf6 2. Bg5 Ne4 3. Bf4 d6 4. f3 Nf6 5. e4 Nbd7 6. Be3 c6 7. c4 e5 8. Nc3 Be7 9. Nge2 0-0 10. Qd2 Nb6 11. b3 exd4 12. Nxd4 d5 13. cxd5 cxd5 14. e5 Nfd7 15. f4 Nc5 16. Bd3 Nxd3+ 17. Qxd3 Nd7 18. 0-0 Nc5 19. Qc2 f6 20. b4 fxe5 21. fxe5 Ne6 22. Qb3 Nxd4 23. Bxd4 Be6 24. Ne2 Qd7 25. Rac1 b6 26. a3 Rxf1+ 27. Rxf1 Rc8 28. Qg3 Rc4 29. Rf4 Qa4 30. Rf1 Qc6 31. Ba1 Qd7 32. Nd4 a6 33. h4 Rc8 34. h5 Bf8 35. Kh2 Qe8 36. Qf3 h6 37. Qxf8+ Qxf8 38. Rxf8+ Rxf8 39. Nxe6 Rf1 40. Bd4 b5 41. Nc7 Rf7 42. Ne6 Rf1 43. Kg3 Kf7 44. Nf4 Rd1 45. e6+ Ke7 46. Bxg7 d4 47. Bxh6 d3 48. Bg5+ Ke8 49. Nd5 1-0

[Event "USA PSW op 47th"]
[Site "Burbank"]
[Date "2007.07.01"]
[Round "4"]
[White "Peters, Jack"]
[Black "Small, Gregg"]
[Result "1-0"]
[WhiteElo "2419"]
[BlackElo "2253"]
[PlyCount "115"]
[EventDate "2007.06.29"]
[EventType "swiss"]
[EventRounds "5"]
[EventCountry "USA"]
[SourceTitle "CBM 119 Extra"]
[Source "ChessBase"]
[SourceDate "2007.09.04"]
[SourceVersion "1"]
[SourceVersionDate "2007.09.04"]
[SourceQuality "1"]

1. e4 c5 2. Nf3 e6 3. d3 Nc6 4. g3 d5 5. Nbd2 Nf6 6. Bg2 Be7 7. 0-0 0-0 8. Re1 b5 9. e5 Ne8 10. Nf1 a5 11. h4 a4 12. a3 b4 13. N1h2 Nc7 14. Ng4 Nb5 15. h5 h6 16. Bf4 Ncd4 17. Nxd4 Nxd4 18. Be3 Nf5 19. Bd2 Qb6 20. c3 bxc3 21. bxc3 Ba6 22. Rb1 Qc7 23. c4 Qd7 24. Bf4 Nd4 25. cxd5 exd5 26. Ne3 Bb7 27. Rxb7 Qxb7 28. Nxd5 Qa7 29. Nxe7+ Qxe7 30. Bxa8 Rxa8 31. Re4 Qe6 32. Be3 Rb8 33. Bxd4 cxd4 34. Qxa4 Qf5 35. Qd1 Rb2 36. Qf1 Qxh5 37. e6 fxe6 38. Qc1 Qb5 39. Qc8+ Kh7 40. Qxe6 Rb1+ 41. Kg2 Qh5 42. Re1 Rxe1 43. Qxe1 Qc5 44. Qe4+ Kh8 45. Qa8+ Kh7 46. a4 Qc3 47. Qe4+ Kh8 48. Qe8+ Kh7 49. Qb5 g5 50. a5 h5 51. a6 h4 52. Qf5+ Kh6 53. a7 Qa3 54. Qf6+ Kh7 55. Qf7+ Kh6 56. Qb7 h3+ 57. Kxh3 Qxd3 58. Kg2 1-0

[Event "Western Class-ch 14th"]
[Site "Agoura Hills"]
[Date "2007.01.14"]
[Round "3"]
[White "Small, Gregg"]
[Black "Pupols, Viktors"]
[Result "0-1"]
[WhiteElo "2250"]
[BlackElo "2185"]
[PlyCount "120"]
[EventDate "2007.01.12"]
[EventType "swiss"]
[EventRounds "7"]
[EventCountry "USA"]
[SourceTitle "CBM 116 Extra"]
[Source "ChessBase"]
[SourceDate "2007.03.07"]
[SourceVersion "1"]
[SourceVersionDate "2007.03.07"]
[SourceQuality "1"]

1. c4 e6 2. g3 Nf6 3. Bg2 d5 4. Nf3 Nbd7 5. 0-0 dxc4 6. Na3 Nb6 7. Nxc4 Nxc4 8. Qa4+ Bd7 9. Qxc4 Bc6 10. b3 Qd5 11. Bb2 Qxc4 12. bxc4 Be7 13. d3 0-0 14. Ne5 Bxg2 15. Kxg2 Rfd8 16. Rab1 Nd7 17. Ba1 Rab8 18. Nxd7 Rxd7 19. Rb3 b6 20. Be5 f6 21. Bc3 Re8 22. a4 e5 23. g4 Bc5 24. f3 Kf7 25. a5 h5 26. h3 Be3 27. Ra3 Kg6 28. Be1 Bc5 29. Ra2 hxg4 30. hxg4 Rh8 31. Bg3 Be3 32. Rb1 Kg5 33. Rh1 Rxh1 34. Kxh1 g6 35. Kg2 Bd4 36. axb6 cxb6 37. Ra6 f5 38. gxf5 gxf5 39. Bf2 Kf4 40. e3+ Bxe3 41. Bg3+ Kg5 42. Bxe5 Bf4 43. Ba1 Rxd3 44. Rxa7 Rd2+ 45. Kf1 Be3 46. Be5 f4 47. Rb7 Kf5 48. Bb8 Rf2+ 49. Ke1 Rxf3 50. Ba7 Rf2 51. Bxb6 Rb2 52. Rf7+ Ke6 53. Bxe3 Kxf7 54. Bxf4 Rc2 55. Be3 Ke6 56. Kf1 Kf5 57. c5 Ke4 58. Bf2 Kf3 59. Be1 Rxc5 60. Bd2 Rb5 0-1

[Event "North American op 16th"]
[Site "Las Vegas"]
[Date "2006.12.27"]
[Round "3"]
[White "Mulyar, Michael A"]
[Black "Small, Gregg"]
[Result "1-0"]
[WhiteElo "2429"]
[BlackElo "2232"]
[PlyCount "79"]
[EventDate "2006.12.26"]
[EventType "swiss"]
[EventRounds "9"]
[EventCountry "USA"]
[SourceTitle "CBM 116 Extra"]
[Source "ChessBase"]
[SourceDate "2007.03.07"]
[SourceVersion "1"]
[SourceVersionDate "2007.03.07"]
[SourceQuality "1"]

1. e4 e5 2. Nf3 Nf6 3. Nxe5 d6 4. Nf3 Nxe4 5. Nc3 Nxc3 6. dxc3 Be7 7. Be3 Nc6 8. Qd2 0-0 9. 0-0-0 Ne5 10. Nd4 Re8 11. h3 c5 12. Nb5 Qa5 13. a3 Bf5 14. c4 Qb6 15. f4 Nc6 16. g4 Be4 17. Rg1 Bf6 18. b3 Bf3 19. g5 Bd4 20. Re1 d5 21. Bd3 Rad8 22. Bxd4 cxd4 23. Rxe8+ Rxe8 24. Nd6 Re6 25. cxd5 Bxd5 26. Nc4 Qc5 27. b4 Qf8 28. f5 Re8 29. Qf4 a5 30. Nd6 Re5 31. Nc4 Re8 32. Nd6 Rd8 33. Nxb7 Rb8 34. Qd6 Rxb7 35. Qxd5 Rc7 36. g6 axb4 37. gxf7+ Kh8 38. f6 g6 39. Re1 Qxf7 40. Qxf7 1-0

[Event "American op 42nd"]
[Site "Los Angeles"]
[Date "2006.11.25"]
[Round "5"]
[White "Taylor, Timothy"]
[Black "Small, Gregg"]
[Result "1-0"]
[WhiteElo "2328"]
[BlackElo "2261"]
[PlyCount "87"]
[EventDate "2006.11.23"]
[EventType "swiss"]
[EventRounds "9"]
[EventCountry "USA"]
[SourceTitle "CBM 115 Extra"]
[Source "ChessBase"]
[SourceDate "2007.01.10"]
[SourceVersion "1"]
[SourceVersionDate "2007.01.10"]
[SourceQuality "1"]

1. d4 d5 2. c4 dxc4 3. e4 c5 4. d5 e6 5. Bxc4 Nf6 6. Nc3 exd5 7. exd5 a6 8. a4 Bd6 9. Nf3 0-0 10. 0-0 Nbd7 11. Bg5 Qc7 12. h3 Ne5 13. Nd2 Ne8 14. Re1 h6 15. Be3 f5 16. Bxh6 Nxc4 17. Nxc4 gxh6 18. Qh5 Ng7 19. Qg6 Bf4 20. g3 Bg5 21. h4 Bf6 22. Qxh6 Bd7 23. d6 Qc6 24. Ne5 Bxe5 25. Rxe5 Rae8 26. Rae1 Rxe5 27. Rxe5 Re8 28. Qf6 Rxe5 29. Qxe5 Ne8 30. Nd5 Qxd6 31. Qxd6 Nxd6 32. Nf6+ Kf7 33. Nxd7 c4 34. Nb6 Ke6 35. f3 Ke5 36. Kg2 Kd4 37. g4 fxg4 38. fxg4 Kc5 39. a5 Kb5 40. g5 Kxa5 41. Nxc4+ Nxc4 42. g6 Ne3+ 43. Kf3 Nf5 44. Kg4 1-0

[Event "Temecula op 27th"]
[Site "Temecula"]
[Date "2006.09.03"]
[Round "3"]
[White "Kretchetov, Alexandre"]
[Black "Small, Gregg"]
[Result "1/2-1/2"]
[WhiteElo "2316"]
[BlackElo "2261"]
[PlyCount "46"]
[EventDate "2006.09.02"]
[EventType "swiss"]
[EventRounds "6"]
[EventCountry "USA"]
[SourceTitle "CBM 114 Extra"]
[Source "ChessBase"]
[SourceDate "2006.11.03"]
[SourceVersion "1"]
[SourceVersionDate "2006.11.03"]
[SourceQuality "1"]

1. Nf3 d5 2. d4 Nf6 3. c4 dxc4 4. e3 a6 5. Bxc4 e6 6. 0-0 c5 7. Bb3 b5 8. a4 Bb7 9. axb5 axb5 10. Rxa8 Bxa8 11. dxc5 Nbd7 12. Qe2 Qb8 13. c6 Nc5 14. Bc2 Bxc6 15. Nd4 Bd7 16. e4 Be7 17. e5 Nd5 18. Nc3 Nxc3 19. bxc3 b4 20. cxb4 Qxb4 21. Be3 0-0 22. Rb1 Qc3 23. Rc1 Qb4 1/2-1/2

[Event "Las Vegas National op"]
[Site "Las Vegas"]
[Date "2006.06.17"]
[Round "4"]
[White "Small, Gregg"]
[Black "Matikozian, Andranik"]
[Result "1-0"]
[WhiteElo "2254"]
[BlackElo "2463"]
[PlyCount "83"]
[EventDate "2006.06.16"]
[EventType "swiss"]
[EventRounds "6"]
[EventCountry "USA"]
[SourceTitle "CBM 112 Extra"]
[Source "ChessBase"]
[SourceDate "2006.07.14"]
[SourceVersion "1"]
[SourceVersionDate "2006.07.14"]
[SourceQuality "1"]

1. c4 Nf6 2. Nc3 g6 3. g3 Bg7 4. Bg2 0-0 5. d3 d6 6. Rb1 e5 7. e4 c6 8. Nge2 a6 9. 0-0 b5 10. b3 Nh5 11. d4 exd4 12. Nxd4 bxc4 13. bxc4 Qa5 14. Bb2 Nf6 15. Ba1 Nfd7 16. Nb3 Qc7 17. c5 Nxc5 18. Nxc5 dxc5 19. Na4 Bxa1 20. Rxa1 Nd7 21. Qc2 Qe5 22. Rfc1 Rb8 23. Qc3 Qxc3 24. Rxc3 Rb5 25. f4 f6 26. Rd1 Ra5 27. Rc4 Nb8 28. Nxc5 Rxa2 29. Bf1 Rb2 30. Rdd4 Rb5 31. Rc2 Rb1 32. Kf2 Kf7 33. Ra2 Rb6 34. Bc4+ Ke7 35. Ke3 Rd8 36. Rxd8 Kxd8 37. e5 Ke7 38. e6 Rb1 39. g4 Rc1 40. Kd4 Rd1+ 41. Bd3 Kd6 42. f5 1-0

[Event "Pacific Southwest op 44th"]
[Site "Los Angeles"]
[Date "2004.07.04"]
[Round "3"]
[White "Hermansen, Ron"]
[Black "Small, Gregg"]
[Result "1-0"]
[WhiteElo "2204"]
[BlackElo "2275"]
[PlyCount "73"]
[EventDate "2004.07.03"]
[EventType "swiss"]
[EventRounds "6"]
[EventCountry "USA"]
[SourceTitle "EXT 2009"]
[Source "ChessBase"]
[SourceDate "2008.11.26"]
[SourceVersion "1"]
[SourceVersionDate "2008.11.26"]
[SourceQuality "1"]

1. e4 e6 2. d4 d5 3. Nc3 Bb4 4. e5 c5 5. a3 Bxc3+ 6. bxc3 Ne7 7. Qg4 Qc7 8. Qxg7 Rg8 9. Qxh7 cxd4 10. Ne2 dxc3 11. f4 Nbc6 12. Qd3 Bd7 13. Nxc3 a6 14. Rb1 Na5 15. h4 Nf5 16. Rh3 Nc4 17. Rb4 0-0-0 18. h5 Bc6 19. Qd1 a5 20. Nb5 Qd7 21. Na7+ Kb8 22. Nxc6+ Qxc6 23. Rbb3 d4 24. Qf3 Rd5 25. h6 Nce3 26. h7 Rh8 27. Bxe3 Nxe3 28. Bd3 Nxc2+ 29. Kf2 Ne3 30. Be4 Qc4 31. Bxd5 Qf1+ 32. Kg3 Qe1+ 33. Kh2 Nf1+ 34. Qxf1 Qxf1 35. Rxb7+ Kc8 36. Bf3 Qd3 37. Rxf7 1-0

[Event "Las Vegas National op"]
[Site "Las Vegas"]
[Date "2004.06.19"]
[Round "4"]
[White "Vigorito, David"]
[Black "Small, Gregg"]
[Result "1-0"]
[WhiteElo "2360"]
[BlackElo "2280"]
[PlyCount "53"]
[EventDate "2004.06.18"]
[EventType "swiss"]
[EventRounds "6"]
[EventCountry "USA"]
[SourceTitle "CBM 100 Extra"]
[Source "ChessBase"]
[SourceDate "2004.07.06"]
[SourceVersion "2"]
[SourceVersionDate "2004.07.06"]
[SourceQuality "1"]

1. c4 c5 2. Nf3 g6 3. d4 cxd4 4. Nxd4 Nc6 5. e4 Nf6 6. Nc3 d6 7. Nc2 Bg7 8. Be2 0-0 9. 0-0 Nd7 10. Bd2 Nc5 11. f3 f5 12. b4 Ne6 13. exf5 gxf5 14. Rc1 f4 15. Nd5 Bd7 16. Re1 Qe8 17. c5 Ne5 18. Bc3 Rc8 19. Nd4 Nxd4 20. Bxd4 e6 21. Nc3 d5 22. Bf1 Rf5 23. a4 Kh8 24. Nb5 Bxb5 25. axb5 Rg5 26. Bxe5 Bxe5 27. Rxe5 1-0

[Event "Western Class-ch"]
[Site "Agoura Hills"]
[Date "2004.01.18"]
[Round "5"]
[White "Small, Gregg"]
[Black "Taylor, Timothy"]
[Result "1/2-1/2"]
[WhiteElo "2295"]
[BlackElo "2322"]
[PlyCount "68"]
[EventDate "2004.01.16"]
[EventType "swiss"]
[EventRounds "7"]
[EventCountry "USA"]
[SourceTitle "CBM 098 Extra"]
[Source "ChessBase"]
[SourceDate "2004.03.10"]
[SourceVersion "2"]
[SourceVersionDate "2004.03.10"]
[SourceQuality "1"]

1. e4 c5 2. Nf3 d6 3. d3 Nc6 4. g3 g6 5. Bg2 Bg7 6. 0-0 e6 7. Re1 Nge7 8. Nbd2 0-0 9. c3 b6 10. Nf1 Bb7 11. d4 cxd4 12. cxd4 Rc8 13. a3 Rc7 14. h4 Qa8 15. h5 gxh5 16. Bf4 e5 17. Be3 Ng6 18. Rc1 Qd8 19. b4 Nxd4 20. Rxc7 Nxf3+ 21. Qxf3 Qxc7 22. Qxh5 Qc3 23. Rd1 Qxa3 24. Bh6 Qxb4 25. Ne3 Bxe4 26. Bxg7 Kxg7 27. Bxe4 Qxe4 28. Nf5+ Kh8 29. Rxd6 Rg8 30. Kh2 Qc2 31. Qg5 Qxf2+ 32. Kh1 Qf1+ 33. Kh2 Qf2+ 34. Kh1 Qf1+ 1/2-1/2

[Event "Western States op"]
[Site "Reno"]
[Date "2003.10.19"]
[Round "?"]
[White "Mezentsev, Vladimir Gen"]
[Black "Small, Gregg"]
[Result "0-1"]
[WhiteElo "2501"]
[BlackElo "2300"]
[PlyCount "72"]
[EventDate "2003.10.17"]
[EventType "swiss"]
[EventRounds "6"]
[EventCountry "USA"]
[SourceTitle "EXT 2023"]
[Source "ChessBase"]
[SourceDate "2022.10.05"]
[SourceVersion "1"]
[SourceVersionDate "2022.10.05"]
[SourceQuality "1"]

1. e4 c5 2. Nf3 Nc6 3. g3 g6 4. Bg2 Bg7 5. 0-0 e5 6. d3 Nge7 7. Be3 d6 8. Qd2 0-0 9. Bh6 f5 10. Bxg7 Kxg7 11. exf5 Bxf5 12. Nc3 Qd7 13. Rae1 Bg4 14. Ng5 h6 15. f3 Bf5 16. Nge4 b6 17. Ne2 d5 18. Nf2 d4 19. f4 Nd5 20. Nd1 Bh3 21. Bxh3 Qxh3 22. c4 Nde7 23. fxe5 g5 24. Rf2 Rxf2 25. Nxf2 Qf5 26. g4 Qf3 27. Ng3 Ng6 28. e6 Kh8 29. Qe2 Nce5 30. Rf1 Qxe2 31. Nxe2 Re8 32. Ng3 Rxe6 33. Nh5 Nf3+ 34. Kh1 Nd2 35. Rd1 Re2 36. Ne4 Nf3 0-1

[Event "Southern California-ch"]
[Site "Costa Mesa"]
[Date "2003.07.26"]
[Round "6"]
[White "Small, Gregg"]
[Black "Lakdawala, Cyrus"]
[Result "1-0"]
[WhiteElo "2206"]
[BlackElo "2435"]
[PlyCount "64"]
[EventDate "2003.07.18"]
[EventType "tourn"]
[EventRounds "9"]
[EventCountry "USA"]
[EventCategory "5"]
[SourceTitle "CBM 095 Extra"]
[Source "ChessBase"]
[SourceDate "2003.09.04"]
[SourceVersion "1"]
[SourceVersionDate "2003.09.04"]
[SourceQuality "1"]

1. e4 g6 2. d4 Bg7 3. Nc3 c6 4. Be3 d5 5. e5 f6 6. f4 Nh6 7. Be2 Qb6 8. Na4 Qc7 9. Nc5 fxe5 10. fxe5 Nf5 11. Bf4 b6 12. Nb3 0-0 13. Qd2 c5 14. c3 e6 15. Nf3 a5 16. a3 Ba6 17. Bxa6 Nxa6 18. 0-0 Rac8 19. g4 Ne7 20. Rae1 Qd7 21. Bh6 cxd4 22. cxd4 Nb8 23. Nc1 Nbc6 24. Ne2 Nd8 25. Bxg7 Kxg7 26. Rf2 Ng8 27. Ref1 Qe7 28. Qd3 Nf7 29. Qb5 Ng5 30. Nxg5 Qxg5 31. Qd7+ Qe7 32. Qxe7+ Nxe7 1-0

[Event "Southern California-ch"]
[Site "Costa Mesa"]
[Date "2003.07.20"]
[Round "4"]
[White "Small, Gregg"]
[Black "Altounian, Levon"]
[Result "0-1"]
[WhiteElo "2206"]
[BlackElo "2427"]
[PlyCount "84"]
[EventDate "2003.07.18"]
[EventType "tourn"]
[EventRounds "9"]
[EventCountry "USA"]
[EventCategory "5"]
[SourceTitle "CBM 095 Extra"]
[Source "ChessBase"]
[SourceDate "2003.09.04"]
[SourceVersion "1"]
[SourceVersionDate "2003.09.04"]
[SourceQuality "1"]

1. Nf3 d6 2. d4 Bg4 3. e3 Nf6 4. Be2 Nbd7 5. 0-0 e6 6. c4 c6 7. Nc3 d5 8. Qc2 Bd6 9. e4 dxe4 10. Nxe4 Nxe4 11. Qxe4 Bf5 12. Qe3 0-0 13. b3 Re8 14. Bb2 Qc7 15. Ne5 Nxe5 16. dxe5 Bf8 17. Rfd1 Red8 18. Bc3 b6 19. Bf3 Bc5 20. Qe1 a5 21. h3 Bg6 22. Qe2 Kf8 23. g3 Ke7 24. h4 h6 25. h5 Bf5 26. Bg2 Rxd1+ 27. Rxd1 Rd8 28. Rxd8 Qxd8 29. Qf3 Qd7 30. g4 Bc2 31. Kh2 Bd4 32. Bxd4 Qxd4 33. Qxc6 Qxe5+ 34. Kg1 Qd4 35. Qc7+ Kf6 36. Qg3 Kg5 37. Kh1 e5 38. f3 Qe3 39. Bf1 Bd1 40. Kg2 f6 41. c5 bxc5 42. Bb5 e4 0-1

[Event "Southern California-ch"]
[Site "Costa Mesa"]
[Date "2003.07.19"]
[Round "3"]
[White "Kretchetov, Alexandre"]
[Black "Small, Gregg"]
[Result "1/2-1/2"]
[WhiteElo "2335"]
[BlackElo "2206"]
[PlyCount "76"]
[EventDate "2003.07.18"]
[EventType "tourn"]
[EventRounds "9"]
[EventCountry "USA"]
[EventCategory "5"]
[SourceTitle "CBM 095 Extra"]
[Source "ChessBase"]
[SourceDate "2003.09.04"]
[SourceVersion "1"]
[SourceVersionDate "2003.09.04"]
[SourceQuality "1"]

1. Nf3 c5 2. c4 Nc6 3. Nc3 g6 4. d4 cxd4 5. Nxd4 Bg7 6. Nc2 d6 7. Bd2 Be6 8. e4 Rc8 9. Rc1 Qb6 10. b3 Nf6 11. Be2 Nd4 12. Be3 Nxc2+ 13. Rxc2 Qa5 14. 0-0 0-0 15. Qd2 Rfe8 16. f3 a6 17. Re1 Nd7 18. Bf1 Rb8 19. Nd5 Qxd2 20. Rxd2 Rbc8 21. Red1 Rc6 22. Nf4 Bh6 23. Kf2 Rb8 24. Nxe6 Bxe3+ 25. Kxe3 fxe6 26. f4 e5 27. g3 Rc5 28. b4 exf4+ 29. gxf4 Rh5 30. e5 Nf8 31. exd6 exd6 32. h3 Re8+ 33. Kf3 Ne6 34. Kg3 Ng7 35. Re2 Nf5+ 36. Kh2 Rc8 37. Re4 Rh4 38. Rd5 b6 1/2-1/2

[Event "Southern California-ch"]
[Site "Costa Mesa"]
[Date "2003.07.19"]
[Round "2"]
[White "Small, Gregg"]
[Black "Matikozian, Andranik"]
[Result "0-1"]
[WhiteElo "2206"]
[BlackElo "2430"]
[PlyCount "54"]
[EventDate "2003.07.18"]
[EventType "tourn"]
[EventRounds "9"]
[EventCountry "USA"]
[EventCategory "5"]
[SourceTitle "CBM 095 Extra"]
[Source "ChessBase"]
[SourceDate "2003.09.04"]
[SourceVersion "1"]
[SourceVersionDate "2003.09.04"]
[SourceQuality "1"]

1. e4 c5 2. Nc3 d6 3. f4 Nf6 4. Nf3 g6 5. Bc4 Bg7 6. e5 Nh5 7. d3 Nc6 8. Ng5 0-0 9. g4 Nxf4 10. Bxf4 Nxe5 11. Bxe5 Bxe5 12. Qe2 e6 13. Nf3 Bg7 14. 0-0 Qb6 15. Kh1 Qxb2 16. Nb5 d5 17. g5 dxc4 18. Rfb1 Qxa1 19. Rxa1 Bxa1 20. Qd1 Bg7 21. dxc4 b6 22. Kg2 Bb7 23. Qd7 Be4 24. Nd6 Rad8 25. Qe7 Bc6 26. Qc7 Bxf3+ 27. Kxf3 Be5 0-1

[Event "Southern California-ch"]
[Site "Costa Mesa"]
[Date "2003.07.18"]
[Round "1"]
[White "Casella, Michael"]
[Black "Small, Gregg"]
[Result "1-0"]
[WhiteElo "2338"]
[BlackElo "2206"]
[PlyCount "154"]
[EventDate "2003.07.18"]
[EventType "tourn"]
[EventRounds "9"]
[EventCountry "USA"]
[EventCategory "5"]
[SourceTitle "CBM 095 Extra"]
[Source "ChessBase"]
[SourceDate "2003.09.04"]
[SourceVersion "1"]
[SourceVersionDate "2003.09.04"]
[SourceQuality "1"]

1. d4 d5 2. c4 dxc4 3. Nf3 a6 4. e3 e6 5. Bxc4 c5 6. a4 Nf6 7. 0-0 Nc6 8. Qe2 cxd4 9. Rd1 Be7 10. exd4 0-0 11. Nc3 Nd5 12. h4 Bxh4 13. Nxh4 Qxh4 14. Ne4 Nf6 15. Nxf6+ Qxf6 16. Qh5 h6 17. Ra3 Nxd4 18. Bxh6 Qxh6 19. Qxh6 gxh6 20. Rxd4 e5 21. Rd6 Kh7 22. Rf3 Bg4 23. Rff6 Kg7 24. Rxh6 Rac8 25. b3 b5 26. axb5 axb5 27. Bxb5 Be6 28. Rh5 Rc3 29. Rxe5 Rxb3 30. Be2 Rh8 31. Rd1 Rb2 32. Re4 Rc8 33. Bg4 Rcc2 34. Bxe6 fxe6 35. Rf4 Rd2 36. Rxd2 Rxd2 37. Kh2 Ra2 38. Kg3 Kg6 39. Kg4 Re2 40. Kf3 Ra2 41. Rb4 Kf6 42. Rb5 Ra3+ 43. Kg4 Ra2 44. Kg3 Ra3+ 45. f3 Ra2 46. f4 Rc2 47. Re5 Rc3+ 48. Kf2 Rc4 49. Kf3 Ra4 50. g4 Ra1 51. g5+ Kf7 52. Re3 Rb1 53. Rc3 Rf1+ 54. Kg3 Kg6 55. Re3 Kf7 56. Rf3 Rg1+ 57. Kh2 Rg4 58. Kh3 Rg1 59. Re3 Rf1 60. Kg3 Rg1+ 61. Kf2 Rg4 62. Kf3 Rg1 63. Re4 Ra1 64. Rb4 Kg6 65. Rb8 Re1 66. Rf8 e5 67. Rf6+ Kg7 68. f5 Rg1 69. Rg6+ Kf7 70. Ke4 Re1+ 71. Kd5 e4 72. Re6 e3 73. g6+ Kg7 74. Ke5 Rf1 75. Re7+ Kf8 76. f6 Rg1 77. g7+ Kg8 1-0

[Event "World op 31st"]
[Site "Philadelphia"]
[Date "2003.07.02"]
[Round "3"]
[White "Small, Gregg"]
[Black "Kelleher, Jeff"]
[Result "1-0"]
[WhiteElo "2210"]
[BlackElo "2111"]
[PlyCount "83"]
[EventDate "2003.06.30"]
[EventType "swiss"]
[EventRounds "9"]
[EventCountry "USA"]
[SourceTitle "EXT 2004"]
[Source "ChessBase"]
[SourceDate "2003.11.25"]
[SourceVersion "1"]
[SourceVersionDate "2003.11.25"]
[SourceQuality "1"]

1. e4 c5 2. Nc3 Nc6 3. Nf3 Nf6 4. d4 cxd4 5. Nxd4 e5 6. Ndb5 d6 7. Bg5 a6 8. Na3 b5 9. Nd5 Qa5+ 10. Bd2 Qd8 11. Nxf6+ Qxf6 12. c4 Qg6 13. f3 Be7 14. Be3 b4 15. Nc2 f5 16. Qd5 Bd7 17. c5 dxc5 18. Bxc5 Qe6 19. Bxe7 Kxe7 20. Qc5+ Qd6 21. Qxd6+ Kxd6 22. 0-0-0+ Ke7 23. exf5 Rhc8 24. Kb1 Bxf5 25. Bd3 Bxd3 26. Rxd3 Rd8 27. Rhd1 Rxd3 28. Rxd3 Rd8 29. Rxd8 Kxd8 30. Kc1 Kc7 31. Kd2 Kd6 32. Kd3 Kc5 33. Ke4 a5 34. b3 a4 35. bxa4 Kc4 36. Ne3+ Kc3 37. Kd5 Nb8 38. Kc5 Kd3 39. Ng4 Ke2 40. Nxe5 Kf2 41. g4 Ke3 42. Kb6 1-0